000 00792nam a2200217Ia 4500
003 GCL
008 140319s9999 xx 000 0 ara d
040 _aGCL /
_cGCL
082 0 4 _a332.46
_bع و
100 1 _aمعهد البحوث والدراسات العربية
245 1 0 _aدور السياسة النقدية فى التنمية الاقتصادية /
_cمعهد البحوث والدراسات العربية
700 1 _aعبدالمنعم السيد على
260 _a[S.N] :
_bالمنظمة الاسلامية للتربية والعلوم والثقافة ،
_c1975
300 _a233 ص
490 _a
650 0 4 _aالاقتصاد
650 0 4 _aالسياسة المالية
650 0 4 _aالنقود
650 0 4 _aالنظام النقدى
942 _2ddc
_cBK
999 _c30763
_d30763